Kan çiçekleri (Record no. 1733)

MARC details
000 -BAŞLIK
Sabit Uzunlukta Kontrol Alanı 00788na a2200265 4500
001 - KONTROL NUMARASI
Denetim Alanı 13812
003 - KONTROL NUMARASI IDENTIFIER
Denetim Alanı MIRAKIL
005 - SON İŞLEM TARİHİ VE ZAMANI
Denetim Alanı 20181213154832.0
008 - SABİT-BOY VERİ ELEMANLARI - GENEL BİLGİLER
Sabit Uzunlukta Kontrol Alanı 160819b tu 000 0
020 ## - ULUSLARARASI STANDART KİTAP NUMARASI
Uluslararası Standart Kitap Numarası 9789750167324
035 ## - SİSTEM KONTROL NUMARASI
Sistem Kontrol Numarası 13812
040 ## - KATALOGLAMA KAYNAK
Orijinal Kataloglama Ajansı Milas
Kataloglama Dili tur
Metne Dönüştürmek Ajansı TR-AnCHP
082 ## - DEWEY ONLU SINIFLANDIRMA NUMARASI
Sınıflandırma Numarası 923.5 Yücel,S.
Ürün Numarası Y28k 2008
090 ## - SINIFLAMA NUMARASI
Sınıflama Numarası 923.5 Yücel,S. Y28k 2008
100 ## - ANA GİRİŞ - KİŞİSEL İSİM
Kişisel Ad Yücel, Savaş
245 ## - BAŞLIK TABLOSU
Başlık Kan çiçekleri
Başlığın Kalan şehide ağlanmaz
Sorumluluk Tablosu, Vb Savaş Yücel
260 ## - YAYIN, DAĞITIM, VB
Yayın, Dağıtım, Vb Yeri Ankara
Yayıncı, Dağıtıcı, Vs Adı Gökbörü Yayıncılık
Yayın, Dağıtım, Vb Tarihi 2008
300 ## - FİZİKSEL TANIM
Kapsam xii, 183 s.
Diğer Fiziksel Ayrıntıları Fotg.
Boyutlar 21 sm.
600 ## - KONU KATMA GİRİŞ - KURUMSAL ADI
Kişisel Ad Savaş Yücel
Bir Adıyla İlişkilendirilen Tarihler 1974-
Genel Alt Bölümü Anılar
650 ## - KONU KATMA GİRİŞ - TOPİKAL DÖNEM
Topikal Süreli Veya Coğrafi Ad Giriş Elemanı Şehitler
Coğrafi Alt Bölümü Türkiye
650 ## - KONU KATMA GİRİŞ - TOPİKAL DÖNEM
Topikal Süreli Veya Coğrafi Ad Giriş Elemanı Askerler
Genel Alt Bölümü Kişisel anlatımlar, Türk
650 ## - KONU KATMA GİRİŞ - TOPİKAL DÖNEM
Topikal Süreli Veya Coğrafi Ad Giriş Elemanı Terörizm
Coğrafi Alt Bölümü Türkiye
650 ## - KONU KATMA GİRİŞ - TOPİKAL DÖNEM
Topikal Süreli Veya Coğrafi Ad Giriş Elemanı Güney Doğu Olayları
Relator Terim Anılar
942 ## - EKLENDİ GİRİŞ ELEMANLARI (KOHA)
Sınıflandırma Veya Raf Düzeni Kaynak Dewey Decimal Classification
Koha Öğesi Türü Books
999 ## - SİSTEM KONTROL NUMARALARI (KOHA)
Koha Biblionumber 1733
Koha Biblioitemnumber 1733
Holdings
Kalıcı Konum Mevcut Konum Edinme Tarihi Edinim Kaynak Toplam Check-Out'Lar Tam Çağrı Numarası Barkod Tarih Son Görülme Tarihi Geçen Teslim İtibaren Geçerli Fiyatlar Koha Öğesi Türü
CHP Kütüphanesi CHP Kütüphanesi 08/18/2016 Bağış 1 923.5 Yücel,S. Y28k 2008 001349 03/11/2021 12/24/2020 08/18/2016 Books